000 01895cam a2200253 4500500
005 20260322005356.0
041 _afre
042 _adc
100 1 0 _aOuld-Braham, Ouahmi
_eauthor
245 0 0 _aUne source ibāḍite à phrases berbères : le siyar de Bughṭūrī (écrit en 599/1202-3). I. – Étude externe….
260 _c2024.
500 _a29
520 _aL’ouvrage de Bughṭūrī, écrit en 599/1202-3 et qu’on a longtemps cru perdu, est une source historique ibāḍite intéressante qui contient de nombreux passages en vieux berbère. Puis quelques manuscrits ont pu être retrouvés, ce qui a permis la réalisation de deux éditions de l’ouvrage en 2009 et 2017. La dernière plus complète et faite par les soins ʿUmar b. Luqmān Bū ʿAṣbāna, nous donne l’occasion, dans cette première partie de l’étude, de présenter l’auteur, Maqrīn b. Muḥammad al-Bughṭūrī, et son œuvre ainsi que le sort des différents manuscrits, y compris ceux qui ont servi à l’édition de l’ouvrage. Cela va entraîner forcément un questionnement pertinent sur la suite de la recherche, à savoir le contenu de l’œuvre. En tout état de cause, la question complexe de la transmission des traditions historiques dont l’ouvrage est un des vecteurs ainsi que les phrases berbères qui suscitent de l’intérêt, feront l’objet d’une deuxième partie qui est prévue de paraître prochainement.
690 _aBughṭūrī
690 _aibāḍite
690 _aJabal Nafūsa
690 _amanuscrits
690 _aMoyen Âge
690 _arecueil de biographies
690 _asource historique
690 _avieux berbère
786 0 _nÉtudes et Documents Berbères | 49-50 | 1 | 2024-07-05 | p. 245-294 | 0295-5245
856 4 1 _uhttps://shs.cairn.info/revue-etudes-et-documents-berberes-2023-1-page-245?lang=fr&redirect-ssocas=7080
999 _c1747990
_d1747990